000 00283nam a22001337a 4500
008 181101b xxu||||| |||| 00| 0 eng d
020 _a9780443070693
041 _aeng
080 _a616
100 _a9
101 _aPAT
245 _aSkin Pathology
_cWeedon.d
942 _2udc
_cBK
999 _c51475
_d51475